| 000 | 00645nam a2200229 a 4500 | ||
|---|---|---|---|
| 001 | 53286 | ||
| 003 | BD-RjUL | ||
| 005 | 20211209075934.0 | ||
| 008 | 161004r19931990ii ||||| |||| 00| 0 eng d | ||
| 020 | _a0074518844 | ||
| 035 | _a(BD-RjUL)53406 | ||
| 040 |
_aBD-RjUL _beng _cBD-RjUL _dBD-RjUL |
||
| 041 | _aeng | ||
| 082 |
_223 _a621.471 _bMAS 1993 |
||
| 100 |
_aMagal, B S _9159276 |
||
| 245 | 1 | 0 |
_aSolar power engineering / _cB S Magal |
| 260 |
_aNew Delhi : _bTata Mcgraw-Hill pub. com., _c1990 [reprinted 1993] |
||
| 300 |
_axvi, 474 p. : _bill. ; _c23 cm. |
||
| 500 | _aIncludes Index | ||
| 650 |
_aSolar power _9159277 |
||
| 942 |
_2ddc _cBK |
||
| 999 |
_c53286 _d53286 |
||